El desnudo en el arte. (Record no. 55631)

MARC details
000 -LEADER
campo de control de longitud fija 00947nam a2200265 i 4500
001 - NÚMERO DE CONTROL
campo de control 55631
003 - IDENTIFICADOR DE NÚMERO DE CONTROL
campo de control ES-MaACL
005 - FECHA Y HORA DE LA ÚLTIMA TRANSACCIÓN
campo de control 20250405122905.0
007 - CAMPO FIJO DE DESCRIPCIÓN FÍSICA--INFORMACIÓN GENERAL
campo de control de longitud fija t|
008 - DATOS DE LONGITUD FIJA--INFORMACIÓN GENERAL
campo de control de longitud fija 030924s1932 sp f |||| | spa d
080 ## - NÚMERO DE LA CLASIFICACIÓN DECIMAL UNIVERSAL
Número de la Clasificación Decimal Universal 7.041.3
245 03 - MENCIÓN DEL TÍTULO
Título El desnudo en el arte.
246 3# - FORMA VARIANTE DEL TITULO
Texto de visualización Precede al tít.
Título propio/Titulo breve Las maravillas de los museos europeos
260 ## - PUBLICACIÓN, DISTRIBUCIÓN, ETC.
Lugar de publicación, distribución, etc. Barcelona :
Nombre del editor, distribuidor, etc. Iberia,
Fecha de publicación, distribución, etc. 1932.
300 ## - DESCRIPCIÓN FÍSICA
Extensión 16 h. de láminas ;
Dimensiones 28 cm.
490 1# - MENCIÓN DE SERIE
Mención de serie Las maravillas de los museos europeos ;
Designación de volumen o secuencia 11
530 ## - NOTA DISPONIBLE DE FORMULARIO FÍSICO ADICIONAL
Nota de formato físico adicional disponible Disponible en formato digital.
594 ## - Nota al título y mención de responsabilidad
Nota al título y mención de responsabilidad Tít. tomado de cub.
650 #4 - PUNTO DE ACCESO ADICIONAL DE MATERIA--TÉRMINO DE MATERIA
Término de materia o nombre geográfico como elemento de entrada Desnudo-
Subdivisión general En el arte.
9 (RLIN) 11837
830 0# - PUNTO DE ACCESO ADICIONAL DE SERIE-TÍTULO UNIFORME
Título uniforme Las maravillas de los museos europeos ;
Designación de volumen o secuencia 11
9 (RLIN) 230343
852 ## - LOCALIZACIÓN
Ubicación ES-MaACL
Número de control de estantería 1702-F-16
Ubicación en estantería Depósito folletos
itemnumber 57769
Nota libre Revisado enlace: 05 de Abril de 2025
856 ## - LOCALIZACIÓN Y ACCESO ELECTRÓNICOS
Identificador Uniforme de Recursos <a href="https://bvpb.mcu.es/es/consulta/registro.do?id=577729">https://bvpb.mcu.es/es/consulta/registro.do?id=577729</a>
Texto de enlace Biblioteca Virtual del Patrimonio Bibliográfico
942 ## - ELEMENTOS DE ENTRADA SECUNDARIOS (KOHA)
Fuente del sistema de clasificación o colocación Clasificación decimal universal
Holdings
Estatus retirado Estado de pérdida Estado de daño No para préstamo Colección Biblioteca de origen Biblioteca actual Ubicación en estantería Fecha de adquisición Fuente de adquisición Total de préstamos Signatura topográfica completa Código de barras Visto por última vez Precio de reemplazo Tipo de ítem Koha
        Colección de folletos Biblioteca del Ateneo de Madrid Biblioteca del Ateneo de Madrid Depósito folletos 17/01/2008     1702-F-16 1058444 23/02/2023 23/02/2023 Folleto